[Event "4th HD Bank Cup 2014"]
[Site "Ho Chi Minh City VIE"]
[Date "2014.03.15"]
[Round "9.37"]
[White "Wolfaardt, Francois"]
[Black "Nguyen, Truong Bao Tran"]
[Result "0-1"]
[WhiteElo "1785"]
[BlackElo "1889"]
[WhiteFideId "14302578"]
[BlackFideId "12402311"]
[EventDate "2014.03.10"]

1. e4 c6 2. Nf3 d5 3. exd5 cxd5 4. d4 Nc6 5. Nc3 Bg4 6. Be2 Nf6 7. O-O g6 8. h3
Bd7 9. Ne5 Bg7 10. Nxd7 Qxd7 11. Be3 O-O 12. Qd2 Rfd8 13. Rad1 Rac8 14. Bh6 Qc7
15. Bxg7 Kxg7 16. f4 e6 17. g4 h6 18. Qe3 Rh8 19. Qf3 Qb6 20. Na4 Nxd4 21. Nxb6
Nxf3+ 22. Rxf3 axb6 23. c3 h5 24. g5 Ne4 25. Rd4 h4 26. Rb4 Rc6 27. Bb5 Rd6 28.
Ra4 Rhd8 29. Rd4 Ng3 30. Kg2 Nf5 31. Ra4 d4 32. Ra7 d3 33. Ba4 d2 34. Bd1 R8d7
35. Ra4 Ng3 36. Kf2 Rd5 37. Rb4 b5 38. a3 Rc5 39. Ke3 Nf5+ 40. Ke2 Rcd5 41. Rf1
Ng3+ 42. Kf2 Nxf1 43. Kxf1 Rd3 44. Kg2 Rg3+ 45. Kh2 Rdd3 46. Rxb5 Rxh3+ 47. Kg2
Rdg3+ 48. Kf2 Rh2+ 49. Kf1 Rh1+ 50. Ke2 Rg2+ 51. Kf3 Rxd1 52. Kxg2 Rg1+ 53. Kxg1
d1=Q+ 54. Kf2 Qd2+ 55. Kf3 Qd3+ 56. Kg2 Qg3+ 57. Kf1 h3 58. Ke2 h2 59. Kd2 h1=Q
60. Kc2 Qe4+ 61. Kb3 Qgd3 62. Rb4 Qed5+ 63. Ka4 Qa6# 0-1

[Event "4th HD Bank Cup 2014"]
[Site "Ho Chi Minh City VIE"]
[Date "2014.03.15"]
[Round "9.38"]
[White "Tran, Minh Thang"]
[Black "Tran, Quang Khai"]
[Result "1/2-1/2"]
[WhiteElo "2071"]
[BlackElo "2091"]
[WhiteFideId "12401080"]
[BlackFideId "12402591"]
[EventDate "2014.03.10"]

1. d4 c5 2. d5 e5 3. Nc3 d6 4. e4 a6 5. a4 Be7 6. Nf3 Bg4 7. Be2 Bxf3 8. Bxf3
Bg5 9. O-O Bxc1 10. Qxc1 Ne7 11. Rb1 O-O 12. Qe3 Nd7 13. Bg4 Nf6 14. Bh3 Qa5 15.
Ra1 Ng6 16. g3 Qb4 17. Ra3 b5 18. axb5 axb5 19. Rb3 Qd4 20. Nxb5 Qxe3 21. fxe3
Rfb8 22. Nxd6 Ne7 23. Rxb8+ Rxb8 24. Ra1 g6 1/2-1/2

[Event "4th HD Bank Cup 2014"]
[Site "Ho Chi Minh City VIE"]
[Date "2014.03.15"]
[Round "9.39"]
[White "Pham, Hoang Nhat Anh"]
[Black "Luu, Duc Hai"]
[Result "0-1"]
[WhiteElo "1513"]
[BlackElo "1913"]
[WhiteFideId "12403148"]
[BlackFideId "12412228"]
[EventDate "2014.03.10"]

1. d4 d5 2. Nf3 e6 3. Bf4 c5 4. c3 Qb6 5. Qc2 Nc6 6. e3 cxd4 7. exd4 Bd7 8. Bd3
Rc8 9. Qb3 Qxb3 10. axb3 Nf6 11. Nbd2 Be7 12. O-O O-O 13. h3 h6 14. Ne5 a6 15.
Ndf3 Nxe5 16. Nxe5 Bc6 17. Rfe1 Nh5 18. Bh2 g5 19. Ng4 Kg7 20. Be5+ f6 21. Bh2
Bd7 22. Ne3 Kf7 23. Ng4 Kg7 24. Ne3 Kf7 25. Ng4 Rh8 26. c4 Nf4 27. Bf1 Bd6 28.
Ne3 Bb4 29. Red1 Bc6 30. c5 h5 31. Nc2 a5 32. Nxb4 axb4 33. Ra7 e5 34. f3 Rhe8
35. Ra5 exd4 36. Bxf4 gxf4 37. Rxd4 Rcd8 38. Kf2 Re3 39. Bc4 Rde8 40. Bxd5+ Bxd5
41. Rxd5 Re2+ 42. Kg1 Rxb2 43. Rd7+ Kg6 44. Rd3 Re1+ 45. Kh2 Rbb1 46. g4 Re2# 0-1